01262cam a22002177a 4500020002500000020002200025040000800047082002600055245001100081246003200092260002900124300002900153490003000182520065700212650002200869650002200891710006000913856004700973942000701020999001701027 a9789264059566 (pbk.) a9264059563 (pbk.) cCOD a330 OEC 2009 A072 Or.00aChina.34aOECD rural policy reviews : a[Paris] :bOECD,cc2009. a257 p. :bill. ;c23 cm.1 aOECD rural policy reviews aWith more than 700 million residents living in rural areas, China is still a predominantly rural country. But despite substantial improvements in standards of living, the Chinese countryside is largely lagging behind. This report analyzes the key socio-economic forces at work in China's rural areas and discusses the current government strategy for rural development. It argues that in order to bridge rural-urban divides the current policy approach needs to go further in recognizing rural-urban complementarities beyond agriculture and that food-security targets need to be balanced with wider rural development objectives.--Publisher's description. 0aRural development 0aRural development2 aOrganisation for Economic Co-operation and Development.41uhttp://dx.doi.org/10.1787/9789264059573-en cEK c14997d14997